000 00592nam a22001817a 4500
005 20250223094741.0
008 250223b |||||||| |||| 00| 0 eng d
020 _a9780838584507
050 _aRJ45
_b.R868
245 _aRudolph's Fundamentals of Pediatrics/
_cEditors; Abraham M. Rudolph, Robert K. Kamei & Kim J. Overby
250 _a3rd ed.
260 _aNew York
_bMcGraw-Hill Medical Publishing Division
_c2002
300 _axi. 919p.
_bill. some color
_c23.5cm
700 _aRudolph, Abraham M.
700 _aKamei, Robert K.
700 _aOverby, Kim J.
942 _2lcc
_cBK
_e3rd ed.
_n0
999 _c4160
_d4160